「く」から始まる市区町村 - Statistics

General Stats
  • This quiz has been taken 554 times
  • The average score is 32 of 45
Answer Stats
都道府県 % Correct
熊本市 熊本県
90%
久留米市 福岡県
90%
久喜市 埼玉県
88%
草津市 滋賀県
88%
釧路市 北海道
87%
久慈市 岩手県
84%
呉市 広島県
84%
草津町 群馬県 吾妻郡
83%
倉敷市 岡山県
83%
熊谷市 埼玉県
82%
黒部市 富山県
81%
桑名市 三重県
81%
釧路町 北海道 釧路郡
80%
国立市 東京都
80%
九戸村 岩手県 九戸郡
80%
熊野市 三重県
80%
球磨村 熊本県 球磨郡
80%
倉吉市 鳥取県
77%
栗原市 宮城県
77%
国東市 大分県
75%
国頭村 沖縄県 国頭郡
74%
九十九里町 千葉県 山武郡
73%
黒石市 青森県
73%
串間市 宮崎県
72%
久米島町 沖縄県 島尻郡
72%
串本町 和歌山県 東牟婁郡
71%
玖珠町 大分県 玖珠郡
71%
鞍手町 福岡県 鞍手郡
69%
郡上市 岐阜県
64%
久万高原町 愛媛県 上浮穴郡
64%
熊野町 広島県 安芸郡
63%
久御山町 京都府 久世郡
63%
訓子府町 北海道 常呂郡
63%
下松市 山口県
62%
熊取町 大阪府 泉南郡
62%
栗山町 北海道 夕張郡
62%
九度山町 和歌山県 伊都郡
57%
久米南町 岡山県 久米郡
57%
倶知安町 北海道 虻田郡
55%
黒松内町 北海道 寿都郡
55%
国見町 福島県 伊達郡
54%
黒滝村 奈良県 吉野郡
52%
黒潮町 高知県 幡多郡
49%
葛巻町 岩手県 岩手郡
44%
国富町 宮崎県 東諸県郡
42%
No matching quizzes found
Score Distribution
Percent of People with Each Score
Percentile by Number Answered
Your Score History
You have not taken this quiz